000 00924cam a22002054a 4500
005 20250731105903.0
008 250528s ||||||||||||||||||||||||d
035 _a15616
020 _a130316970
040 _aGR-AtMCL
_bgre
_dGR-AtMCL
_eAACR2
245 1 _aJava / An Introduction to Computer Science & Programming
250 _a2nd
260 _bPrentice Hall,
_c2001
300 _a1054
520 _aA concise, accessible introduction to Java. Introduction to Computers and Java Objects, Primitive Types and Strings and Interactive I/ O, Flow of Control, Defining Classes and Methods, More About Objects and Methods, Arrays, Inheritance, Exception Handling, Streams and File I/ O, Dynamic Data Structure, Recursion, Window Interfaces Using Swing Objects, Applets and HTML, More Swing Objects, Graphic Objects, Index.
700 1 _aSavitch, Walter J.
_91579
942 _cBK
999 _c1185
_d1185